عرض عادي
عرض مارك
- Health Policy
مدخل مصطلح موضوعي
001 - رقم الضبط
- حقل الضبط: 38540
003 - معرف رقم الضبط
- حقل الضبط: OSt
005 - تاريخ ووقت أخر عملية
- حقل الضبط: 20131029164038.0
008 - عناصر بيانات ثابتة الطول
- حقل تحكم ثابت الطول: 131029|||a|||||| | ||| d
040 ## - مصدر الفهرسة
- هيئة الفهرسة الأصلية: OSt
- وكالة الكتابة: OSt
150 ## - مدخل-- مصطلح تاريخي
- عنصر مدخل المصطلح الموضوعي او الاسم الجغرافي: Health Policy
- تفريع عام: economics
- تفريع جغرافي: United States.
670 ## - بيانات المصدر موجوده
- الاستشهاد بالمصدر: Work cat.: (OSt)0: Patrick, Donald L. 38535, Health status and health policy :, 1993.
